Biblioteca de Cataluña ayer y hoy / por Rosalía Guilleumas, Directora de la Biblioteca de Cataluña
Publicado:
San Jorge, núm. 90 - 91 (2n i 3r trimestre 1973), pàg 19 - 28 :
Materias:
Biblioteca de Catalunya -- Història
MARC
| LEADER | 00000nam a2200000Ia 4500 | ||
|---|---|---|---|
| 001 | |||
| 008 | 160829s9999 xx 000 0 cat d | ||
| 100 | 1 | |a Guilleumas, Rosalia, |d 1924-2007 |9 29214 | |
| 245 | |a Biblioteca de Cataluña ayer y hoy / por Rosalía Guilleumas, Directora de la Biblioteca de Cataluña | ||
| 260 | |a San Jorge, núm. 90 - 91 (2n i 3r trimestre 1973), pàg 19 - 28 | ||
| 610 | 2 | 0 | |a Biblioteca de Catalunya |x Història |9 54425 |
| 901 | |a Arxiu | ||
| 942 | |n 1 | ||
| 952 | |0 0 |1 0 |4 0 |7 1 |9 50414 |a Arxiu |b Arxiu |d 2016-12-01 |l 0 |r 2016-12-01 00:00:00 |w 2016-12-01 |y ARXIU | ||
| 999 | |c 54256 |d 54256 | ||